| 000 | 02367cam a22006014i 4500 | ||
|---|---|---|---|
| 003 | PE-LiUPU | ||
| 005 | 20250731180100.0 | ||
| 008 | 161205s2003 sp r 000 0 spa d | ||
| 020 | _a8497421159 | ||
| 020 | _a9788497421157 | ||
| 035 | _a(Sirsi) a165511 | ||
| 040 |
_aPE-LiUPU _bspa _cPE-LiUPU _erda |
||
| 049 | _aPRUA | ||
| 082 | 0 | 4 |
_a519.535 _bC36 _220 |
| 100 | 1 |
_aCatena, Andrés, _eautor. |
|
| 245 | 1 | 0 |
_aAnálisis multivariado : _b un manual para investigadores / _c Andrés Catena [y dos más]. |
| 264 | 1 |
_aMadrid : _b Biblioteca Nueva, _c2003. |
|
| 300 |
_a413 páginas : _bilustraciones ; _c24 centímetros |
||
| 336 |
_atext _2rdacontent |
||
| 337 |
_aunmediated _2rdamedia |
||
| 338 |
_avolume _2rdacarrier |
||
| 490 | 0 | _aSerie psicología. | |
| 504 | _aBibliografía : páginas 389-393. | ||
| 504 | _aÍndice : páginas 411-413. | ||
| 505 | 0 | _aIntroducción al análisis multivariado -- Análisis univariado de varianza -- Análisis de datos categóricos -- Análisis factorial y de componentes princioales -- Análisis de cluster -- Análisis de correlación canónica -- Análisis de supervivencia -- Análisis de regresión lineaj múltiple -- Análisis discriminante -- Análisis de regresión logística -- Modelos de ecuaciones estructurales. | |
| 526 | _aSEG44 | ||
| 526 | _aSEG26 | ||
| 526 | _aP159 | ||
| 526 | _aP155 | ||
| 526 | _aP154 | ||
| 526 | _aP153 | ||
| 526 | _aP150 | ||
| 526 | _aP100 | ||
| 526 | _aP31 | ||
| 526 | _aP30 | ||
| 526 | _aP26 | ||
| 526 | _aP25 | ||
| 526 | _aP24 | ||
| 526 | _aP22 | ||
| 526 | _aP15 | ||
| 526 | _aP10 | ||
| 541 | _g0021-0002811; | ||
| 650 | 1 | 4 |
_aAnálisis multivariante _vManuales. |
| 650 | 2 | 4 |
_aAnálisis de varianza _vManuales. |
| 700 | 1 |
_aRamos, Manuel M., _eautor. |
|
| 700 | 1 |
_aTrujillo, Humberto M., _eautor. |
|
| 910 |
_ajck _bncf _cncf _d20161205 |
||
| 942 |
_2ddc _cBOOK |
||
| 949 |
_a519.535 C36 _wDEWEY _c1 _i75150 _lCATALOGING _mBUL _p46.85 _r0 _sY _tBOOK _u05/12/16 _xFSALUD _PP33 _0COMPRA _o.STAFF. Colección Ciencias de la Salud |
||
| 994 |
_aC0 _bPEPRU |
||
| 596 | _a1 | ||
| 999 |
_a519.535 C36 _wDEWEY _c14296 _i75150 _f2021-11-5 _g5 _lCCODEBUL1 _mBUL _p46.85 _r0 _sY _tBOOK _u2016-12-5 _xBIBLIOTECA _PP33 _0COMPRA _o.STAFF. Colección Ciencias de la Salud _d14296 |
||
| 980 |
_81 _gALBERTO SANCHEZ Responsable de Automatización |
||